[Event "26th EUR-ch"]
[Site "Katowice POL"]
[Date "2026.04.15"]
[Round "8.19"]
[White "Muradli, Mahammad"]
[Black "Stocek, Jiri"]
[Result "1-0"]
[WhiteElo "2605"]
[BlackElo "2512"]
[EventDate "2026.04.07"]
[PlyCount "59"]

1.Nf3 Nf6 2.c4 b6 3.g3 c5 4.Bg2 Bb7 5.O-O e6 6.Nc3 Be7 7.Re1 d5 8.cxd5 
Nxd5 9.e4 Nb4 10.d4 cxd4 11.Nxd4 N8c6 12.Be3 Nxd4 13.Bxd4 O-O 14.Rc1 Nc6 
15.Be3 Rc8 16.e5 Bb4 17.Qh5 Bxc3 18.Rxc3 Na5 19.Bg5 Qd4 20.Bxb7 Nxb7 21.
Rf3 Rc7 22.Rf4 Qd3 23.Bf6 gxf6 24.Rg4+ Qg6 25.exf6 Nd6 26.Rxg6+ hxg6 27.
Qh4 Rc4 28.g4 Rfc8 29.Rd1 Ne8 30.Rd3 1-0

[Event "26th EUR-ch"]
[Site "Katowice POL"]
[Date "2026.04.15"]
[Round "8.20"]
[White "Rodshtein, Maxim"]
[Black "Ohanian, Emin"]
[Result "1/2-1/2"]
[WhiteElo "2598"]
[BlackElo "2481"]
[EventDate "2026.04.07"]
[PlyCount "47"]

1.c4 e6 2.Nf3 d5 3.g3 Nf6 4.Bg2 Be7 5.d4 O-O 6.Nc3 Nbd7 7.b3 b6 8.O-O Bb7 
9.Bb2 c5 10.Ne1 cxd4 11.Qxd4 Nc5 12.cxd5 exd5 13.Rd1 Nce4 14.Nd3 Re8 15.
Nf4 Bc5 16.Qa4 Nxc3 17.Bxc3 Qc8 18.Nxd5 Nxd5 19.Bxd5 Bxd5 20.Rxd5 Rxe2 21.
Re5 Rxe5 22.Bxe5 Qe8 23.Qf4 Rd8 24.Bxg7 1/2-1/2

[Event "26th EUR-ch"]
[Site "Katowice POL"]
[Date "2026.04.15"]
[Round "8.21"]
[White "Quparadze, Giga"]
[Black "Dardha, Daniel"]
[Result "1/2-1/2"]
[WhiteElo "2484"]
[BlackElo "2596"]
[EventDate "2026.04.07"]
[PlyCount "80"]

1.e4 c5 2.Nf3 d6 3.d4 cxd4 4.Nxd4 Nf6 5.Nc3 Nc6 6.Bg5 Bd7 7.Qd2 a6 8.O-O-O
e6 9.f4 h6 10.Bh4 Be7 11.Nf3 Qc7 12.Bxf6 Bxf6 13.Qxd6 Qxd6 14.Rxd6 g5 15.
g3 gxf4 16.gxf4 Bd8 17.Rd1 Bb6 18.Kb1 O-O-O 19.Bh3 Kb8 20.Rhf1 Bc7 21.e5 
Ne7 22.Nd4 Bc8 23.Nce2 b5 24.Bg2 Rhf8 25.Rd3 f6 26.exf6 Rxf6 27.Re1 e5 28.
fxe5 Bxe5 29.a4 bxa4 30.Nc3 Bxd4 31.Rxe7 Re6 32.Rxe6 Bxe6 33.Nxa4 Kc7 34.
Nc3 Bc4 35.Rg3 Bxc3 36.bxc3 Rg8 37.Kb2 Rxg3 38.hxg3 Kb6 39.Be4 a5 40.Bd3 
Be6 1/2-1/2

[Event "26th EUR-ch"]
[Site "Katowice POL"]
[Date "2026.04.15"]
[Round "8.22"]
[White "Gumularz, Szymon"]
[Black "Kilic, Eray"]
[Result "1/2-1/2"]
[WhiteElo "2590"]
[BlackElo "2502"]
[EventDate "2026.04.07"]
[PlyCount "60"]

1.c4 e6 2.Nc3 d5 3.d4 Nf6 4.cxd5 exd5 5.Bg5 Bb4 6.e3 h6 7.Bh4 g5 8.Bg3 Ne4
9.Ne2 h5 10.h3 Nxg3 11.Nxg3 h4 12.Nh5 c6 13.Be2 Qe7 14.O-O f5 15.f4 Kd8 
16.Kh1 Nd7 17.Rc1 Bd6 18.b4 Bxb4 19.Qc2 Bxc3 20.Qxc3 Rxh5 21.Bxh5 Nf6 22.
Be2 Ne4 23.Qd3 Ng3+ 24.Kg1 Nxf1 25.Rxf1 Kc7 26.fxg5 Qxg5 27.Rf4 Bd7 28.Qd2
Re8 29.Bd3 Qe7 30.Rf3 b6 1/2-1/2

[Event "26th EUR-ch"]
[Site "Katowice POL"]
[Date "2026.04.15"]
[Round "8.23"]
[White "Ghimpu, Samuel-Timotei"]
[Black "Kourkoulos-Arditis, Stamatis"]
[Result "1/2-1/2"]
[WhiteElo "2443"]
[BlackElo "2583"]
[EventDate "2026.04.07"]
[PlyCount "51"]

1.Nf3 d5 2.g3 Nc6 3.d4 Bf5 4.Bg2 Nb4 5.Na3 e6 6.O-O Be7 7.Ne5 Nf6 8.c3 Nc6
9.Qa4 O-O 10.Nxc6 bxc6 11.Qxc6 Rb8 12.c4 Rb6 13.Qa4 c5 14.Nc2 dxc4 15.dxc5
Bxc5 16.Qxc4 Qc8 17.Be3 Bxe3 18.Nxe3 Rxb2 19.Rfc1 Qxc4 20.Rxc4 Rxe2 21.Ra4
Rb8 22.Nxf5 exf5 23.Rxa7 Ne4 24.Bf3 Reb2 25.Bxe4 fxe4 26.Re7 1/2-1/2

[Event "26th EUR-ch"]
[Site "Katowice POL"]
[Date "2026.04.15"]
[Round "8.24"]
[White "Sowinski, Pawel"]
[Black "Finek, Vaclav"]
[Result "0-1"]
[WhiteElo "2421"]
[BlackElo "2571"]
[EventDate "2026.04.07"]
[PlyCount "48"]

1.d4 Nf6 2.Nf3 e6 3.Bf4 h6 4.h4 c5 5.c3 b6 6.Nbd2 Bb7 7.e3 Be7 8.Bd3 cxd4 
9.cxd4 Nc6 10.a3 d6 11.Qe2 Qd7 12.e4 Rc8 13.Rd1 O-O 14.e5 dxe5 15.dxe5 Nd5
16.Bg3 Bxa3 17.bxa3 Nc3 18.Qe3 Nxd1 19.Kxd1 Ne7 20.Ke2 Rfd8 21.Ne4 Nf5 22.
Qd2 Bxe4 23.Bxe4 Qxd2+ 24.Nxd2 Nd4+ 0-1

[Event "26th EUR-ch"]
[Site "Katowice POL"]
[Date "2026.04.15"]
[Round "8.25"]
[White "Andersen, Mads"]
[Black "Pantsulaia, Levan"]
[Result "1-0"]
[WhiteElo "2562"]
[BlackElo "2472"]
[EventDate "2026.04.07"]
[PlyCount "84"]

1.e4 c6 2.d4 d5 3.Nc3 dxe4 4.Nxe4 Bf5 5.Ng3 Bg6 6.h4 h6 7.Be3 Nf6 8.Bd3 
Bxd3 9.Qxd3 Qa5+ 10.Bd2 Qa6 11.c4 e6 12.b4 b5 13.c5 Qb7 14.Nf3 Be7 15.O-O 
O-O 16.a4 Rd8 17.Ra3 a6 18.Rfa1 Nbd7 19.Qc2 Nd5 20.Qa2 Nc7 21.Bf4 Nd5 22.
Bd2 Nc7 23.Ne2 Bf6 24.Nc3 a5 25.bxa5 b4 26.Rb3 Bxd4 27.Nxd4 Nxc5 28.Rxb4 
Qxb4 29.Ncb5 Qxd2 30.Qxd2 cxb5 31.Qc3 Nxa4 32.Qxc7 Rxd4 33.a6 Rdd8 34.a7 
Rdc8 35.Qb7 Nc3 36.Ra6 Nd5 37.Rd6 Nf6 38.Rc6 Rf8 39.Rc7 Rad8 40.Qxb5 h5 
41.Rb7 Rd5 42.Qb4 Nd7 1-0

[Event "26th EUR-ch"]
[Site "Katowice POL"]
[Date "2026.04.15"]
[Round "8.26"]
[White "Injac, Teodora"]
[Black "Gavrilescu, David"]
[Result "1/2-1/2"]
[WhiteElo "2410"]
[BlackElo "2545"]
[EventDate "2026.04.07"]
[PlyCount "30"]

1.Nf3 d5 2.g3 c5 3.Bg2 Nc6 4.d4 cxd4 5.Nxd4 e6 6.O-O Bc5 7.Nb3 Bb6 8.c4 
Nge7 9.cxd5 exd5 10.Nc3 O-O 11.Nxd5 Nxd5 12.Qxd5 Bg4 13.Bg5 Qxd5 14.Bxd5 
Bxe2 15.Rfe1 Rfe8 1/2-1/2

[Event "26th EUR-ch"]
[Site "Katowice POL"]
[Date "2026.04.15"]
[Round "8.27"]
[White "Warmerdam, Max"]
[Black "Mosesov, Danyil"]
[Result "1/2-1/2"]
[WhiteElo "2545"]
[BlackElo "2464"]
[EventDate "2026.04.07"]
[PlyCount "51"]

1.d4 Nf6 2.c4 e6 3.g3 c5 4.d5 exd5 5.cxd5 d6 6.Nf3 g6 7.a4 Bg7 8.Bg2 O-O 
9.Nfd2 Nbd7 10.O-O Nh5 11.Nc4 Ne5 12.Nxe5 Bxe5 13.Nd2 b6 14.Nc4 Bg7 15.Ra2
f5 16.Bf3 Ba6 17.b3 Nf6 18.Bf4 Ne4 19.Qc2 Re8 20.Re1 Bd4 21.Bxe4 Rxe4 22.
Qc1 Qf6 23.Rc2 Bxc4 24.bxc4 Rae8 25.Kg2 Qd8 26.Qa3 1/2-1/2

[Event "26th EUR-ch"]
[Site "Katowice POL"]
[Date "2026.04.15"]
[Round "8.28"]
[White "Bettalli, Francesco"]
[Black "Kantor, Gergely"]
[Result "0-1"]
[WhiteElo "2358"]
[BlackElo "2544"]
[EventDate "2026.04.07"]
[PlyCount "60"]

1.e4 e5 2.Nc3 Nf6 3.Bc4 Bc5 4.Nge2 Nc6 5.h3 d6 6.d3 Na5 7.Ng3 a6 8.Qf3 
Nxc4 9.dxc4 h6 10.O-O O-O 11.Be3 Nd7 12.Nd5 Bxe3 13.Nxe3 b5 14.Rfd1 Rb8 
15.b3 Bb7 16.Nef5 Qg5 17.cxb5 axb5 18.h4 Qf4 19.Qc3 Nc5 20.f3 g6 21.Ne2 
Nxe4 22.fxe4 Qxe4 23.Ne3 f5 24.Qd3 Qxh4 25.Nc3 Qg5 26.Rd2 e4 27.Qe2 f4 28.
Rd5 Bxd5 29.Nexd5 f3 30.Qf2 b4 0-1

[Event "26th EUR-ch"]
[Site "Katowice POL"]
[Date "2026.04.15"]
[Round "8.29"]
[White "Subelj, Jan"]
[Black "Valiyev, Shahin"]
[Result "1-0"]
[WhiteElo "2543"]
[BlackElo "2408"]
[EventDate "2026.04.07"]
[PlyCount "175"]

1.Nf3 Nf6 2.g3 g6 3.c4 c6 4.b3 Bg7 5.Bb2 O-O 6.Bg2 d6 7.d4 a5 8.Nc3 Nbd7 
9.O-O e5 10.dxe5 dxe5 11.Qc2 Qe7 12.Rad1 b6 13.Qc1 Bb7 14.Ng5 Rab8 15.Ba3 
c5 16.Bxb7 Rxb7 17.Qc2 Nb8 18.Nge4 Nc6 19.e3 Rbb8 20.Rd2 Rfd8 21.Rfd1 Rxd2
22.Rxd2 Ne8 23.Qd1 Rb7 24.Nb5 Bf8 25.Nbd6 Nxd6 26.Rxd6 Qxd6 27.Nxd6 Rd7 
28.Qg4 Rxd6 29.Qc8 Nb4 30.Bxb4 axb4 31.Kg2 e4 32.g4 h6 33.Qa8 Re6 34.Kf1 
Kg7 35.h4 Be7 36.h5 g5 37.Ke2 Bf6 38.a3 Bb2 39.a4 Bf6 40.Qb7 Be7 41.Qc7 
Bf8 42.f3 exf3+ 43.Kxf3 Be7 44.e4 Rf6+ 45.Kg2 Re6 46.e5 Kg8 47.Kf2 Kf8 48.
Kf3 Kg7 49.Qb8 Kh7 50.Qb7 Kg7 51.Qc7 Kf8 52.Ke4 Bf6 53.Qc8+ Kg7 54.Kd3 Be7
55.Qc7 Kf8 56.Qb7 Kg8 57.Qa8+ Kh7 58.Qe4+ Kg7 59.Qd5 Kf8 60.Qa8+ Kg7 61.
Qe4 Kg8 62.Qa8+ Kg7 63.Qd5 Kf8 64.Ke4 Bf6 65.Qxe6 fxe6 66.exf6 Ke8 67.Ke5 
Kf7 68.Kd6 Kxf6 69.Kc6 e5 70.Kxb6 e4 71.a5 e3 72.a6 e2 73.a7 e1=Q 74.a8=Q 
Qc3 75.Qh8+ Kf7 76.Qxh6 Qxb3 77.Qg6+ Kf8 78.h6 Qc3 79.h7 Qh8 80.Kxc5 b3 
81.Kb4 b2 82.Kb3 Qe5 83.Qd3 Kg7 84.Ka2 Kh8 85.Qd2 Qe4 86.Qxb2+ Kxh7 87.Qb1
Kh6 88.Qxe4 1-0

[Event "26th EUR-ch"]
[Site "Katowice POL"]
[Date "2026.04.15"]
[Round "8.30"]
[White "Razafindratsima, Timothe"]
[Black "Levin, Guy"]
[Result "1/2-1/2"]
[WhiteElo "2537"]
[BlackElo "2462"]
[EventDate "2026.04.07"]
[PlyCount "94"]

1.e4 e5 2.Nf3 Nf6 3.Nxe5 d6 4.Nf3 Nxe4 5.d4 Be7 6.Bd3 d5 7.O-O Nc6 8.c4 
Nb4 9.Be2 dxc4 10.Bxc4 O-O 11.Nc3 Nf6 12.Ne5 c6 13.Bg5 Nfd5 14.Nxd5 Nxd5 
15.Bxe7 Qxe7 16.Bxd5 cxd5 17.Qb3 Be6 18.Rac1 Rac8 19.a3 Rc7 20.Qe3 Rfc8 
21.h3 h6 22.Nd3 Rc4 23.Rxc4 Rxc4 24.Re1 Qf6 25.Ne5 Rc2 26.Re2 Rxe2 27.Qxe2
Qf4 28.Qd1 Bf5 29.Nf3 Be4 30.Qd2 Qd6 31.Ne1 Qc7 32.Qe3 Qc4 33.h4 a5 34.f3 
Bb1 35.Kf2 b5 36.b3 Qc6 37.Qd2 a4 38.bxa4 bxa4 39.Qb4 Qc1 40.Qxa4 Qd2+ 41.
Kf1 Ba2 42.Qe8+ Kh7 43.Qe5 Bc4+ 44.Kg1 f6 45.Qf5+ Kh8 46.Qc8+ Kh7 47.Qf5+ 
Kh8 1/2-1/2

[Event "26th EUR-ch"]
[Site "Katowice POL"]
[Date "2026.04.15"]
[Round "8.31"]
[White "Suleymanli, Suleyman"]
[Black "Schoppen, Casper"]
[Result "0-1"]
[WhiteElo "2348"]
[BlackElo "2588"]
[EventDate "2026.04.07"]
[PlyCount "110"]

1.d4 Nf6 2.Nf3 e6 3.Bf4 d5 4.e3 c5 5.c3 Qb6 6.Qb3 Bd7 7.Nbd2 Bc6 8.Be2 
Nbd7 9.h3 Be7 10.O-O O-O 11.Rac1 Rfc8 12.Ne5 Nxe5 13.dxe5 Qxb3 14.Nxb3 Nd7
15.c4 a5 16.Rfd1 dxc4 17.Nd2 Nb6 18.e4 Rd8 19.Be3 a4 20.a3 Bb5 21.f4 Rd7 
22.Nb1 Rad8 23.Rxd7 Rxd7 24.Nc3 Bc6 25.g4 h6 26.Kf2 Rd8 27.Kg3 g5 28.f5 
Nd7 29.f6 Bf8 30.Rd1 Rc8 31.Bxc4 Nxe5 32.Bb5 Bxb5 33.Nxb5 Kh7 34.Nc3 Ra8 
35.h4 Nc4 36.Kf2 Kg6 37.Rd7 b5 38.h5+ Kxf6 39.Rb7 b4 40.Nb5 b3 41.Ke2 Rd8 
42.Bc1 Bd6 43.Nxd6 Nxd6 44.Ra7 Nxe4 45.Rxa4 Ke5 46.Ra7 f5 47.gxf5 Ng3+ 48.
Ke1 Nxf5 49.Bd2 Ke4 50.Rf7 g4 51.Rf6 g3 52.Rxe6+ Kf3 53.Rf6 Rd5 54.Kf1 g2+
55.Kg1 Rxd2 0-1

[Event "26th EUR-ch"]
[Site "Katowice POL"]
[Date "2026.04.15"]
[Round "8.32"]
[White "Lavrencic, Matic"]
[Black "Navara, David"]
[Result "1-0"]
[WhiteElo "2472"]
[BlackElo "2643"]
[EventDate "2026.04.07"]
[PlyCount "71"]

1.e4 e5 2.Nf3 Nc6 3.Bc4 Bc5 4.c3 Nf6 5.d3 d6 6.O-O a5 7.Re1 O-O 8.h3 h6 9.
Nbd2 Be6 10.b3 d5 11.exd5 Nxd5 12.Ne4 Ba7 13.Qd2 f5 14.Ng3 Qd6 15.a4 Bc5 
16.Bb2 Rad8 17.Rad1 Nf4 18.Qxf4 Bxf2+ 19.Kxf2 exf4 20.Rxe6 Qc5+ 21.d4 
fxg3+ 22.Kxg3 Kh7 23.dxc5 Rxd1 24.Nd4 f4+ 25.Kf2 Rd2+ 26.Re2 Rxe2+ 27.Bxe2
Ne5 28.c4 Rf7 29.Nf3 Nd7 30.Ne5 Re7 31.Nxd7 Rxd7 32.Bc3 b6 33.cxb6 cxb6 
34.c5 Rc7 35.cxb6 Rxc3 36.b7 1-0

[Event "26th EUR-ch"]
[Site "Katowice POL"]
[Date "2026.04.15"]
[Round "8.33"]
[White "Indjic, Aleksandar"]
[Black "Akbas, Umut Ata"]
[Result "1/2-1/2"]
[WhiteElo "2616"]
[BlackElo "2470"]
[EventDate "2026.04.07"]
[PlyCount "62"]

1.c4 e6 2.g3 d5 3.Bg2 Nf6 4.Nf3 Bd6 5.d4 O-O 6.O-O h6 7.Nbd2 b6 8.b3 Bb7 
9.Bb2 Nbd7 10.cxd5 exd5 11.Nb1 Re8 12.Nc3 a6 13.e3 Ne4 14.a4 Nxc3 15.Bxc3 
a5 16.Qc2 Nf6 17.Rfd1 Ne4 18.Bb2 Qe7 19.Ne5 h5 20.f3 Nc5 21.Re1 Nd7 22.Nc6
Bxc6 23.Qxc6 h4 24.e4 hxg3 25.e5 Bb4 26.Red1 Nf6 27.exf6 Qe2 28.fxg7 Kxg7 
29.hxg3 Qe3+ 30.Kf1 Qe2+ 31.Kg1 Qe3+ 1/2-1/2

[Event "26th EUR-ch"]
[Site "Katowice POL"]
[Date "2026.04.15"]
[Round "8.34"]
[White "Samunenkov, Ihor"]
[Black "Hrbek, Stepan"]
[Result "1/2-1/2"]
[WhiteElo "2596"]
[BlackElo "2460"]
[EventDate "2026.04.07"]
[PlyCount "50"]

1.e4 e5 2.Nf3 Nc6 3.Bb5 a6 4.Ba4 Nf6 5.O-O b5 6.Bb3 Bc5 7.a4 Rb8 8.Nxe5 
Nxe5 9.d4 Bxd4 10.Qxd4 d6 11.f3 c5 12.Qf2 O-O 13.Nc3 b4 14.Ne2 Be6 15.Nf4 
c4 16.Ba2 Bd7 17.Be3 Qc7 18.a5 Rb5 19.Bb6 Qb7 20.Qd4 b3 21.cxb3 cxb3 22.
Bb1 Rc8 23.Bd3 Nxd3 24.Nxd3 Nd5 25.exd5 Rxd5 1/2-1/2

[Event "26th EUR-ch"]
[Site "Katowice POL"]
[Date "2026.04.15"]
[Round "8.35"]
[White "Lupulescu, Constantin"]
[Black "Palczert, Matyas"]
[Result "1/2-1/2"]
[WhiteElo "2587"]
[BlackElo "2457"]
[EventDate "2026.04.07"]
[PlyCount "45"]

1.c4 e6 2.Nc3 Nf6 3.e4 c5 4.e5 Ng8 5.d4 cxd4 6.Qxd4 Nc6 7.Qf4 d6 8.Nf3 Nh6
9.Qe4 dxe5 10.Bxh6 gxh6 11.Nxe5 Qc7 12.Nxc6 bxc6 13.Be2 Bg7 14.O-O O-O 15.
Rad1 f5 16.Qd3 Bb7 17.Na4 Rad8 18.Qe3 Bc8 19.b4 Rxd1 20.Rxd1 Rd8 21.g3 
Rxd1+ 22.Bxd1 e5 23.Be2 1/2-1/2

[Event "26th EUR-ch"]
[Site "Katowice POL"]
[Date "2026.04.15"]
[Round "8.36"]
[White "Amar, Elham"]
[Black "Tsolakidou, Stavroula"]
[Result "1-0"]
[WhiteElo "2586"]
[BlackElo "2452"]
[EventDate "2026.04.07"]
[PlyCount "111"]

1.e4 e5 2.Nc3 Nf6 3.d4 exd4 4.Qxd4 Nc6 5.Qd3 d5 6.Bf4 d4 7.Nb5 Bb4+ 8.c3 
dxc3 9.Qxd8+ Kxd8 10.Bxc7+ Ke7 11.bxc3 Bc5 12.f3 Be6 13.Ne2 Rac8 14.Bf4 
Rhd8 15.a4 Nh5 16.Bg5+ f6 17.Bc1 Ne5 18.Ng3 Nxg3 19.hxg3 Nd3+ 20.Bxd3 Rxd3
21.Rxh7 Kf7 22.Ba3 Kg6 23.Bxc5 Kxh7 24.Bxa7 Rd7 25.Bd4 Ra8 26.Bf2 Bb3 27.
a5 Bc4 28.Nd4 b6 29.Ra4 Bd3 30.Kd2 Bf1 31.Ra1 Bxg2 32.Ke3 bxa5 33.Rg1 a4 
34.Rxg2 a3 35.Rg1 a2 36.Ra1 Rb7 37.Kd3 Rb1 38.Nc2 Rxa1 39.Nxa1 Rb8 40.Bd4 
Rb1 41.c4 Rd1+ 42.Ke3 Kg6 43.Bc3 Kf7 44.g4 Ke6 45.f4 Rg1 46.g5 Rg3+ 47.Kd2
f5 48.exf5+ Kxf5 49.Be5 Ke4 50.Kc2 g6 51.Kb2 Rg2+ 52.Kb3 Rg1 53.Kxa2 Rc1 
54.Nb3 Rc2+ 55.Ka3 Kd3 56.Na5 1-0

[Event "26th EUR-ch"]
[Site "Katowice POL"]
[Date "2026.04.15"]
[Round "8.37"]
[White "Blomqvist, Erik"]
[Black "Petrosian, Manuel"]
[Result "1/2-1/2"]
[WhiteElo "2463"]
[BlackElo "2584"]
[EventDate "2026.04.07"]
[PlyCount "103"]

1.e4 c6 2.d4 d5 3.Nc3 dxe4 4.Nxe4 Bf5 5.Ng3 Bg6 6.N1e2 Nf6 7.h4 h6 8.Nf4 
Bh7 9.c3 Nbd7 10.Bd3 Bxd3 11.Nxd3 Qa5 12.Qf3 Qd5 13.Qxd5 cxd5 14.h5 e6 15.
f3 Be7 16.a4 O-O 17.Bf4 Rfc8 18.Kd2 Nb6 19.b3 a5 20.Ne2 Nfd7 21.g4 f6 22.
Bh2 Rc6 23.Nef4 Nf8 24.Ng2 Rac8 25.Rhc1 Nh7 26.Bf4 Kf7 27.Nh4 Nf8 28.Be3 
Rd8 29.f4 Nc8 30.f5 Nd6 31.Nf4 e5 32.Nxd5 exd4 33.Bxd4 Nxf5 34.Nxf5 Rxd5 
35.c4 Bb4+ 36.Kc2 Rd7 37.Bc3 Re6 38.Re1 g6 39.hxg6+ Kxg6 40.Rxe6 Bxc3 41.
Rd1 Rxd1 42.Re8 Rg1 43.Rxf8 Bb4 44.Rg8+ Kf7 45.Nxh6+ Ke6 46.Nf5 Bc5 47.
Re8+ Kf7 48.Rc8 b6 49.Kd3 Ke6 50.Re8+ Kf7 51.Rc8 Ke6 52.Re8+ 1/2-1/2

[Event "26th EUR-ch"]
[Site "Katowice POL"]
[Date "2026.04.15"]
[Round "8.38"]
[White "Haring, Filip"]
[Black "Socko, Bartosz"]
[Result "1-0"]
[WhiteElo "2461"]
[BlackElo "2584"]
[EventDate "2026.04.07"]
[PlyCount "113"]

1.e4 e5 2.Nf3 Nc6 3.Bc4 Bc5 4.c3 Nf6 5.d3 d6 6.Bg5 h6 7.Bh4 a6 8.Nbd2 Ba7 
9.O-O Qe7 10.Re1 Be6 11.b4 O-O 12.a4 Bxc4 13.Nxc4 Qe6 14.b5 Nb8 15.Bxf6 
Qxf6 16.d4 exd4 17.cxd4 axb5 18.axb5 Nd7 19.Ne3 Qd8 20.Qc2 Nf6 21.e5 dxe5 
22.dxe5 Bxe3 23.Rad1 Nd5 24.fxe3 Nb4 25.Qb3 Qe7 26.Rb1 Na2 27.Rb2 Ra3 28.
Qc4 Rfa8 29.Rc2 Nb4 30.Qxc7 Qe8 31.Rd2 Nd3 32.Rf1 Qxb5 33.Nd4 Qxe5 34.
Qxf7+ Kh8 35.Nc2 Rc3 36.Qxb7 Ra2 37.Qb1 Rb2 38.Qd1 Qe4 39.Qe2 Ne5 40.Ne1 
Rxe3 41.Rd8+ Kh7 42.Qxb2 Rxe1 43.Qf2 Rb1 44.Rf8 Ng6 45.Rxb1 Qxb1+ 46.Qf1 
Qb6+ 47.Rf2 Ne5 48.Kh1 Ng4 49.Rf8 Ne5 50.h3 Ng6 51.Qd3 Qe6 52.Qb1 Qe5 53.
Rb8 Qg5 54.Rb6 h5 55.Rb5 Qh4 56.Qf5 Kh6 57.g3 1-0

[Event "26th EUR-ch"]
[Site "Katowice POL"]
[Date "2026.04.15"]
[Round "8.39"]
[White "Yilmaz, Mustafa"]
[Black "Bakhmatskyi, Vladyslav"]
[Result "1-0"]
[WhiteElo "2582"]
[BlackElo "2442"]
[EventDate "2026.04.07"]
[PlyCount "65"]

1.d4 Nf6 2.c4 e6 3.Nf3 d5 4.Nc3 Nbd7 5.cxd5 exd5 6.Bg5 c6 7.e3 Be7 8.Bd3 
Ne4 9.Bf4 Ndf6 10.Qc2 O-O 11.O-O Bd6 12.Ne5 Re8 13.h3 Nxc3 14.bxc3 c5 15.
Qe2 Qc7 16.Rfc1 c4 17.Bc2 Be6 18.Qf3 Rad8 19.a4 Bc8 20.Rcb1 Ne4 21.Bxe4 
dxe4 22.Qg3 Re6 23.Rb5 a6 24.Rd5 b6 25.Ng4 Bb7 26.Rxd6 Rdxd6 27.Nh6+ Kh8 
28.Bxd6 Qd7 29.Nf5 Rg6 30.Qe5 h5 31.Ba3 Rg5 32.Qb8+ Kh7 33.Ne7 1-0

[Event "26th EUR-ch"]
[Site "Katowice POL"]
[Date "2026.04.15"]
[Round "8.40"]
[White "Willow, Jonah"]
[Black "Pichot, Alan"]
[Result "0-1"]
[WhiteElo "2452"]
[BlackElo "2581"]
[EventDate "2026.04.07"]
[PlyCount "92"]

1.e4 c5 2.Nf3 Nc6 3.d4 cxd4 4.Nxd4 Nf6 5.Nc3 h5 6.Bc4 e6 7.Bf4 Bc5 8.Nb3 
Bb4 9.O-O Bxc3 10.bxc3 Nxe4 11.Qf3 d5 12.Bd3 Nxc3 13.Qg3 O-O 14.Bg5 f6 15.
Bd2 Ne4 16.Bxe4 dxe4 17.Rad1 Qe7 18.Qh4 e5 19.Qxh5 Qe8 20.Qh4 Qg6 21.f3 
exf3 22.Rxf3 Qg4 23.Qe1 Qh5 24.Rg3 Bg4 25.Rc1 Rad8 26.Be3 Rf7 27.h3 Bc8 
28.Kh2 b6 29.Qf2 Ne7 30.Bd2 Bb7 31.a4 Qf5 32.Be3 Qe6 33.Bd2 Nf5 34.Rg4 Nd6
35.Qh4 Rc8 36.Qh5 Qf5 37.Qxf5 Nxf5 38.a5 Bd5 39.axb6 axb6 40.Rb4 Rfc7 41.
c3 Rc6 42.Ra1 Rd8 43.Be1 Ne3 44.Ra2 Bc4 45.Bf2 Nd5 46.Rd2 Rdd6 0-1

[Event "26th EUR-ch"]
[Site "Katowice POL"]
[Date "2026.04.15"]
[Round "8.41"]
[White "Bodrogi, Bendeguz"]
[Black "Pultinevicius, Paulius"]
[Result "0-1"]
[WhiteElo "2454"]
[BlackElo "2562"]
[EventDate "2026.04.07"]
[PlyCount "72"]

1.Nf3 d5 2.g3 Bg4 3.Bg2 e6 4.O-O Nf6 5.h3 Bh5 6.c4 c6 7.d4 Nbd7 8.Qb3 Qb6 
9.Nc3 Be7 10.Nh4 Qxd4 11.Qxb7 O-O 12.cxd5 cxd5 13.Be3 Qc4 14.Rac1 Rab8 15.
Qxa7 Qb4 16.g4 Rb7 17.Qd4 Qd6 18.Bf4 Qa6 19.Qd2 Bg6 20.Nxg6 hxg6 21.Bg3 
Nc5 22.b3 Rd8 23.Rfd1 Rbd7 24.Qc2 d4 25.Na4 Nxa4 26.bxa4 Ra7 27.Bc6 Rc8 
28.Qb3 Qa5 29.Rxd4 Nd5 30.Rdd1 Kh7 31.Bb5 Nc3 32.Kf1 Rc5 33.Bd6 Bxd6 34.
Rxd6 Qc7 35.Rd3 Qh2 36.Rg3 Ne4 0-1

[Event "26th EUR-ch"]
[Site "Katowice POL"]
[Date "2026.04.15"]
[Round "8.42"]
[White "Sokolovsky, Yahli"]
[Black "Jakubowski, Krzysztof"]
[Result "1-0"]
[WhiteElo "2559"]
[BlackElo "2434"]
[EventDate "2026.04.07"]
[PlyCount "77"]

1.e4 c5 2.Nf3 d6 3.d4 cxd4 4.Nxd4 Nf6 5.Nc3 a6 6.Bg5 Nbd7 7.Bc4 Qb6 8.Bb3 
e6 9.f4 Be7 10.f5 Nc5 11.Qf3 O-O 12.O-O-O a5 13.Bc4 Kh8 14.g4 Bd7 15.Be3 
Qb4 16.Be2 Na4 17.Nxa4 Qxa4 18.g5 Qxa2 19.Bd3 Ng8 20.Rhg1 f6 21.g6 h6 22.
fxe6 Bxe6 23.Kd2 Rfc8 24.Ra1 Qxb2 25.Nxe6 d5 26.exd5 a4 27.Rgb1 Qe5 28.Bf4
Bb4+ 29.Kc1 Qc3 30.Qe2 Ba3+ 31.Kd1 Bb2 32.Ra2 a3 33.Bd2 Qe5 34.Qxe5 fxe5 
35.Bc1 Nf6 36.Bxb2 axb2 37.Rxa8 Rxa8 38.c4 e4 39.Be2 1-0

[Event "26th EUR-ch"]
[Site "Katowice POL"]
[Date "2026.04.15"]
[Round "8.43"]
[White "Prokofiev, Valentyn"]
[Black "Costa, Leonardo"]
[Result "0-1"]
[WhiteElo "2433"]
[BlackElo "2556"]
[EventDate "2026.04.07"]
[PlyCount "192"]

1.d4 d5 2.Bf4 Nf6 3.e3 c5 4.dxc5 e6 5.b4 a5 6.c3 Bd7 7.Nd2 axb4 8.cxb4 b6 
9.cxb6 Qxb6 10.a3 Ba4 11.Qb1 Nbd7 12.Ngf3 Nh5 13.Bd3 g6 14.Ra2 Bg7 15.h3 
e5 16.Bh2 O-O 17.Be2 e4 18.Nd4 Bxd4 19.exd4 Qxd4 20.Bxh5 gxh5 21.O-O f5 
22.Bf4 Ne5 23.Be3 Qd3 24.Qa1 Rae8 25.Bd4 Nc6 26.Bc5 Rf7 27.Re1 f4 28.Nf3 
Rg7 29.Rd2 Qb3 30.Kh1 Kf7 31.Nd4 Nxd4 32.Bxd4 Rxg2 33.Be3 fxe3 34.Rb2 Qc3 
35.Kxg2 Rg8+ 36.Kh2 e2 37.Rexe2 Qf3 38.Qf1 Qf4+ 39.Kh1 Qf3+ 40.Kh2 Bb5 41.
a4 Qf4+ 42.Kh1 Qf3+ 43.Kh2 Bxe2 44.Rxe2 Qf4+ 45.Kh1 Qf3+ 46.Kh2 d4 47.Re1 
Qf4+ 48.Kh1 Qf3+ 49.Kh2 d3 50.Re3 Qg2+ 51.Qxg2 Rxg2+ 52.Kxg2 d2 53.Rxe4 
d1=Q 54.Re3 Qxa4 55.Rf3+ Ke6 56.Re3+ Kd5 57.Kg1 Qxb4 58.Kg2 h4 59.Kg1 Qb1+
60.Kg2 Kd4 61.Re6 Qb7+ 62.Kg1 Kd3 63.Re3+ Kd2 64.Kh2 Qb1 65.Kg2 Qa1 66.Re7
Qa8+ 67.Kg1 Qg8+ 68.Kf1 Qc4+ 69.Kg1 Qc1+ 70.Kh2 Qf1 71.Rd7+ Kc3 72.Rc7+ 
Kd4 73.Rd7+ Ke5 74.Rf7 Ke4 75.Re7+ Kd5 76.Rf7 Qb1 77.Rf3 Kd4 78.Re3 Qf1 
79.Rf3 Qe2 80.Rf4+ Kd3 81.Kg2 Kd2 82.Rxh4 Ke1 83.Rf4 Qf1+ 84.Kh2 Qd3 85.
Kg2 Qg6+ 86.Rg4 Qf5 87.f3 Qc2+ 88.Kh1 Qd3 89.Kh2 Qxf3 90.Rg1+ Kf2 91.Rg4 
h5 92.Rg1 Qf4+ 93.Kh1 Qf3+ 94.Kh2 Qe4 95.Rg8 Qe5+ 96.Kh1 Qd5+ 0-1

[Event "26th EUR-ch"]
[Site "Katowice POL"]
[Date "2026.04.15"]
[Round "8.44"]
[White "Sousa, Andre Ventura"]
[Black "Moroni, Luca jr"]
[Result "1-0"]
[WhiteElo "2447"]
[BlackElo "2551"]
[EventDate "2026.04.07"]
[PlyCount "53"]

1.e4 c5 2.Nf3 e6 3.Nc3 a6 4.g3 b5 5.Bg2 Bb7 6.d3 d6 7.O-O g6 8.d4 Nd7 9.
Re1 b4 10.Nd5 Bg7 11.Bf4 e5 12.dxe5 dxe5 13.Bg5 f6 14.Be3 Ne7 15.Nd2 O-O 
16.Nc4 Bxd5 17.exd5 Nf5 18.d6 Rb8 19.a3 Nxe3 20.Rxe3 f5 21.axb4 cxb4 22.
Bc6 e4 23.Rxa6 Kh8 24.Bxd7 Qxd7 25.Qd5 Rfc8 26.Nb6 Qc6 27.d7 1-0

[Event "26th EUR-ch"]
[Site "Katowice POL"]
[Date "2026.04.15"]
[Round "8.45"]
[White "Sanal, Vahap"]
[Black "Tulchynskyi, Feliks"]
[Result "1-0"]
[WhiteElo "2551"]
[BlackElo "2432"]
[EventDate "2026.04.07"]
[PlyCount "321"]

1.d4 Nf6 2.Bg5 d5 3.e3 e6 4.Nd2 Be7 5.Bd3 c5 6.c3 Nc6 7.Ngf3 h6 8.Bh4 O-O 
9.Qe2 Nd7 10.Bg3 Re8 11.Ne5 cxd4 12.exd4 Ncxe5 13.dxe5 Nc5 14.O-O Nxd3 15.
Qxd3 Qb6 16.Nb3 Bd7 17.Qd2 a5 18.Nd4 a4 19.f4 Bc5 20.Bf2 Qa6 21.Be3 Rac8 
22.Rf3 Rc7 23.Bf2 a3 24.b3 Bf8 25.Re1 Bc8 26.Bh4 Qb6 27.h3 Bc5 28.Rd3 Bd7 
29.Bf2 Qa6 30.Rg3 Kh7 31.Qc2+ Kh8 32.Qd1 g6 33.Rf3 Be7 34.g4 Rg8 35.Qd2 
Qa8 36.Kh1 Qf8 37.Bg3 Rc8 38.Kh2 Qg7 39.Bf2 Qh7 40.Re2 Rce8 41.Qe1 Rg7 42.
Kg1 Bd8 43.Bg3 Reg8 44.Rh2 Rf8 45.Rg2 Rfg8 46.Kh2 Be7 47.Rg1 Bd8 48.Rgf1 
Re8 49.Kg2 Qg8 50.Qf2 Qh7 51.Qe1 Qg8 52.Rh1 Qh7 53.Rh2 Reg8 54.Kh1 Re8 55.
Bf2 Reg8 56.Kg1 Re8 57.Kf1 Kg8 58.Bg3 Kh8 59.Bh4 g5 60.fxg5 hxg5 61.Bg3 
Rg6 62.h4 Rh6 63.h5 Qg7 64.Rhf2 Rh7 65.Qc1 Be7 66.Kg2 Rc8 67.Qc2 Be8 68.
Rf1 Kg8 69.Qd3 Rh6 70.Qe3 Rh7 71.Be1 Qh6 72.Bd2 Rg7 73.Qf2 Kh8 74.Qe1 Kg8 
75.R1f2 Qh7 76.Kg1 Qh6 77.Qf1 Kh8 78.Kg2 Ra8 79.Kg3 Qh7 80.Kh3 Rc8 81.Kg3 
Qe4 82.Re2 Qh7 83.Kg2 Qh6 84.Ref2 Qh7 85.Re3 Qh6 86.Kg1 Qh7 87.Rff3 Qh6 
88.Qf2 Rd8 89.Re1 Rc8 90.Kg2 Rd8 91.Qf1 Qh7 92.Bc1 Rc8 93.Re2 Qh6 94.Ref2 
Qh7 95.Qe2 Qh6 96.Kf1 Qh7 97.Ke1 Bb4 98.Qd2 Qb1 99.Kd1 Be7 100.Rd3 Bc5 
101.Rf6 Be7 102.Rf1 Bc5 103.Ke1 Qa1 104.Kf2 Bb5 105.Bxa3 Qxf1+ 106.Kxf1 
Bxd3+ 107.Qxd3 Bxa3 108.Ke2 Bc5 109.Kd2 Kg8 110.Nf3 Be7 111.Qb5 Rc7 112.
Qe8+ Bf8 113.Qd8 Re7 114.Nd4 Rh7 115.Nf3 Rh6 116.Nxg5 f6 117.Nf3 f5 118.
gxf5 exf5 119.Qxd5+ Kh7 120.Ng5+ Kg7 121.Qg2 Rxh5 122.Ne6+ Kf7 123.Nd8+ 
Ke8 124.Qg6+ Kxd8 125.Qxh5 Rxe5 126.Qh8 Re8 127.Qf6+ Be7 128.Qxf5 Bd6 129.
b4 Kc7 130.Kc2 Re5 131.Qf7+ Kb8 132.Qd7 Bc7 133.a4 b6 134.Kb3 Kb7 135.Qd3 
Kb8 136.Qf3 Ka7 137.Qc6 Kb8 138.Kc4 Bd8 139.Kd4 Rg5 140.Qe8 Kc8 141.Kc4 
Kc7 142.Qf8 Kc8 143.Qh8 Kd7 144.Qh1 Re5 145.Qb7+ Bc7 146.Kb3 Kd8 147.c4 
Re3+ 148.Kc2 Re5 149.Kd3 Rg5 150.c5 bxc5 151.a5 Rg6 152.a6 Bb6 153.Qb8+ 
Kd7 154.a7 c4+ 155.Kxc4 Bxa7 156.Qxa7+ Kc8 157.b5 Rg4+ 158.Kc5 Rg5+ 159.
Kb4 Rg4+ 160.Ka5 Rg6 161.b6 1-0